| 000 | 00892nam a2200241Ia 4500 | ||
|---|---|---|---|
| 008 | 130821s1997 xxuao gr eng | ||
| 020 | _a9781416402817 | ||
| 040 |
_aCo-BoUCM _bspa |
||
| 041 | 0 | 0 | _aeng |
| 100 | 1 |
_aBly, Lois. _9159300 |
|
| 245 | 1 | 0 |
_aFacilitation techniques based on NDT principles _cLois Bly, Allison Whiteside ; fotografias de Ron Medvescek |
| 260 |
_aSan Antonio (Texas, Estados Unidos) _bTherapy Skill Builders _c1997 |
||
| 300 |
_a301 páginas _bilustraciones, gráficas, fotografías |
||
| 650 | 0 | 4 |
_aCinesiología aplicada _910865 |
| 650 | 0 | 4 |
_aCinesiología _910864 |
| 650 | 0 | 4 |
_aEducación psicomotriz _913861 |
| 650 | 0 | 4 |
_aFisioterapia _915956 |
| 650 | 0 | 4 |
_aManipulación ortopédica _918918 |
| 650 | 0 | 4 |
_aOrtopedia _926544 |
| 700 | 1 |
_aWhiteside, Allison _9159301 |
|
| 942 |
_cLIBRO _a15 _e1 _mB661f _2DEWEY _h615.8/2 |
||
| 999 |
_c37121 _d37121 |
||